000
00301nam a2200121Ia 4500
008
190722s9999 xx 000 0 und d
020
_a
978-81-203-3731-2
100
_a
Debasis Samanta
245
0
_a
Classic Data Structures
260
_a
Delhi
_b
PHI Learning Pvt. Ltd.
_c
2014
300
_a
808
942
_c
BK
999
_c
276
_d
276